MARC

LEADER 00000nam0a2200000 4500
001 312341
005 20231102002457.0
020 |a RU  |b 81-90239 
035 |a (RuTPU)RU\TPU\book\337709 
090 |a 312341 
100 |a 20151221d1981 m y0rusy5003 ca 
101 0 |a rus 
102 |a RU 
105 |a a j 001zy 
200 1 |a Повышение достоверности передачи информации в системах управления  |e учебное пособие  |f Б. Е. Аксенов, А. М. Александров  |g Ленинградский политехнический институт им. М. И. Калинина (ЛПИ) 
210 |a Ленинград  |c Изд-во ЛПИ  |d 1981 
215 |a 72 с. 
320 |a Библиогр.: с. 64 
606 1 |a Каналы связи  |x Искажения  |x Математическое моделирование  |2 stltpush  |3 (RuTPU)RU\TPU\subj\13718  |9 40288 
610 1 |a передача информации 
610 1 |a достоверность 
610 1 |a математические модели 
610 1 |a дискретные каналы 
610 1 |a системы управления 
610 1 |a защита информации 
610 1 |a учебные пособия 
675 |a 621.391.83(075.8)  |z rus  |v 3 
700 1 |a Аксенов  |b Б. Е.  |g Борис Евгеньевич  |4 070 
701 1 |a Александров  |b А. М.  |g Анатолий Михайлович  |4 070 
712 0 2 |a Ленинградский политехнический институт им. М. И. Калинина (ЛПИ)  |c (1924-1930, 1940-1990)  |2 stltpush  |3 (RuTPU)RU\TPU\col\2601 
801 0 |a RU  |b RuMRKP  |c 19950704  |g psbo 
801 1 |a RU  |b 63413507  |c 20151221 
801 2 |a RU  |b 63413507  |c 20191007  |g RCR 
942 |c BK